La familia Wagner / (Record no. 166700)

MARC details
000 -CABECERA
campo de control de longitud fija 00671nam a2200217 a 4500
005 - FECHA Y HORA DE LA ÚLTIMA TRANSACCIÓN
campo de control 20210223132237.0
008 - ELEMENTOS DE LONGITUD FIJA--INFORMACIÓN GENERAL
campo de control de longitud fija 131209s2009 es r 000 0 spa d
020 ## - NÚMERO INTERNACIONAL NORMALIZADO PARA LIBROS
Número Internacional Estándar del Libro 9788426136640
035 ## - NÚMERO DE CONTROL DEL SISTEMA
Número de control de sistema UPN01000194599
049 ## - COLECCIÓN
Colección CG
050 #4 - SIGNATURA TOPOGRÁFICA DE LA BIBLIOTECA DEL CONGRESO
Número de clasificación ML410 W1
Número de documento/Ítem H3.4
100 1# - ASIENTO PRINCIPAL--NOMBRE PERSONAL
Nombre de persona Hamann, Brigitte,
Fechas asociadas al nombre 1940-
9 (RLIN) 34870
245 13 - MENCIÓN DE TÍTULO
Título La familia Wagner /
Mención de responsabilidad, etc. Brigitte Hamann ; pref., tr. y notas Roberto Mansberger Amorós.
260 ## - PUBLICACIÓN, DISTRIBUCIÓN, ETC.
Lugar de publicación, distribución, etc. Barcelona, Esp. :
Nombre del editor, distribuidor, etc. Juventud,
Fecha de publicación, distribución, etc. 2009.
300 ## - DESCRIPCIÓN FÍSICA
Extensión 283 p.
Otras características físicas il.
534 ## - NOTA SOBRE LA VERSIÓN ORIGINAL
Frase introductoria Título original:
Mención de título del original Die fmilie Wagner
600 14 - ASIENTO SECUNDARIO DE MATERIA - NOMBRE PERSONAL
Nombre de persona WAGNER, RICHARD,
Fechas asociadas al nombre 1813-1883
9 (RLIN) 22797
600 34 - ASIENTO SECUNDARIO DE MATERIA - NOMBRE PERSONAL
Nombre de persona WAGNER, FAMILIA
9 (RLIN) 22798
905 ## - TIPO DE MATERIAL
Tipo de material Libro
Holdings
Estado de retiro Estado de pérdida Fuente del sistema de clasificación o colocación Estado dañado No para préstamo Código de colección Localización permanente Ubicación/localización actual Ubicación en estantería Total de préstamos Clasificación Código de barras Fecha visto por última vez Número de copia Tipo de ítem Koha
    Library of Congress Classification     Colección General Bib. Gregorio Torres Quintero Bib. Gregorio Torres Quintero Planta baja 2 ML410 W1 H3.4 293986 31/12/2020 1 Libro